00860nam a2200229 a 450000500170000000800410001704000250005804100080008304400070009109000130009810000360011124501430014726000590029030000100034965000300035965000130038965000260040266200130042894200130044199900150045495201610046920191224041603.0140227b1998 ck |||||rm||| 00| 0 spa d aCO-BoIAVHcCO-BoIAVH aspa ack aTEb0091 aGarzón Colonia, Sandra Milena aEstudio sobre la estructura genética entre y dentro de dos subpoblaciones de Espeletia schultesiana en paramos bajos del sur de Colombia aCalibUniversidaddel Valle. Facultad de Cienciasc1998 a15 p. aEcología de poblaciones aPáramo aEstructura genética aColombia cTESIS2z c1450d1450 00102z40708TESISIINV2017aBogotabBogotad1999-09-01eChaves, María Elfil0oTE-0091p002000r2012-12-04 00:00:00tEj. 1w2012-12-04xDonacionyTESIS